Language Quiz

Random Language or Letter Quiz

Growing D-D Words Quiz Stats

Quiz not verified by Sporcle

Also try: Growing C-C Words
Challenge
Share
Tweet
Embed
Score 0/15 Timer 03:00
0 Plays Today
Hint Word(s) % Correct
Denoting a quantity consisting of 500D
100%
Degree in religion or oft-quoted bra sizeDD
98.5%
Explosive that fails to detonateDud
97.1%
Legal documentDeed
91.2%
Priest among the ancient CeltsDruid
89.7%
Rely uponDepend
85.3%
Transfer a computer file or programDownload
81.6%
Timber that has been washed ashoreDriftwood
80.9%
Hint Word(s) % Correct
The opposite of blonde (two words)Dark Haired
57.4%
Having lewd thoughts (two words)Dirty Minded
52.2%
Overcame the wildness ofDomesticated
40.4%
Withdrawn from active serviceDecommissioned
27.2%
Upset; thrown into confusionDiscombobulated
25%
To break up or cease to functionDisband
22.1%
Betrayed by breaking a promise (two words)Double Crossed
22.1%

You're not logged in!

Compare scores with friends on all Sporcle quizzes.
Join for Free
OR
Log In

You Might Also Like...

Show Comments

Extras

Top Quizzes Today


Score Distribution

Your Account Isn't Verified!

In order to create a playlist on Sporcle, you need to verify the email address you used during registration. Go to your Sporcle Settings to finish the process.

Report this User

Report this user for behavior that violates our Community Guidelines.

Details: